| 000 | 00894nam a22003377a 4500 | ||
|---|---|---|---|
| 005 | 20251114195404.0 | ||
| 008 | 160113b2016 xxu||||| |||| 00| 0 spa d | ||
| 020 | _a9789977653648 | ||
| 041 | _aESP | ||
| 082 | _a519.2 B957p | ||
| 100 |
_aBurgos Gómez, Elio Arturo _9742 |
||
| 100 | _aBaltodano, Victor Julio | ||
| 100 | _aRodríguez, Rigoberto | ||
| 245 | _aPrácticas y tareas de probabilidad y estadística | ||
| 260 | _aCosta Rica | ||
| 260 | _bEUNA | ||
| 260 | _c2016 | ||
| 300 | _a153 páginas | ||
| 490 | _aGestión de Calidad | ||
| 490 | _aDirección y Administración de Empresas | ||
| 650 | _aPROBABILIDAD | ||
| 650 | _aESTADÍSTICA | ||
| 650 | _aPROBLEMAS Y EJERCICIOS | ||
| 650 | _aTEORÍA DE LAS PROBABILIDADES | ||
| 650 | _aMUESTREO | ||
| 650 | _aHIPÓTESIS | ||
| 650 | _aMEDIDAS Y PROPORCIONES | ||
| 942 |
_cBK _2ddc |
||
| 999 |
_c7364 _d7364 |
||